Erneuerbare Energien in der EU - Statistiken

Allgemein
  • Dieses Quiz wurde 14 mal gespielt
  • Das Durchschnittsergebnis liegt bei 14 aus 26
Antwortstatistiken
Hint Antwort % Korrekt
93% Luxemburg
92%
79% Dänemark
62%
44% Deutschland
62%
13% Malta
62%
69% Schweden
62%
54% Finnland
54%
25% Frankreich
54%
76% Lettland
54%
73% Litauen
54%
69% Österreich
54%
63% Portugal
54%
44% Spanien
54%
14% Tschechien
54%
17% Zypern
54%
20% Bulgarien
46%
34% Estland
46%
46% Griechenland
46%
39% Irland
46%
65% Kroatien
46%
40% Niederlande
46%
22% Polen
46%
22% Slowakei
46%
31% Slowenien
46%
21% Ungarn
46%
27% Belgien
38%
45% Rumänien
38%
Keine übereinstimmenden Quizze gefunden
Verteilung der Resultate
Anzahl Personen mit jedem Resultat
Perzentil nach korrekt beantworteten Fragen
Ihre Resultats-Entwicklung
Sie haben dieses Quiz noch nicht gespielt